| 000 | 01921cam a2200361Ki 4500 | ||
|---|---|---|---|
| 999 |
_c8825 _d8825 |
||
| 001 | 61753645 | ||
| 003 | OCoLC | ||
| 005 | 20241126110659.0 | ||
| 008 | 050930s2003 ii b 000 0 eng d | ||
| 020 | _a8172147694 | ||
| 020 | _a9788172147693 | ||
| 035 | _a(OCoLC)61753645 | ||
| 040 |
_aCFT _beng _erda _cCFT _dPAU _dDKAGE _dOCLCQ _dOCLCF |
||
| 043 | _aa-ce--- | ||
| 050 | 4 |
_aBR128.H5 _bJ43 2004 |
|
| 082 | 0 | 4 |
_a248.24 _222 _bJEB |
| 100 | 1 |
_aJebanesan, Albert W. _0http://id.loc.gov/authorities/names/nr2006031375 _915519 |
|
| 245 | 1 | 4 |
_aThe changing of the gods : _bthe process and experience of religious conversion among Sri Lankan Tamil refugees in London / _cAlbert W. Jebanesan. |
| 264 | 1 |
_aDelhi : _bISPCK, _c2003. |
|
| 300 |
_axxiii, 300 pages ; _c22 cm |
||
| 336 |
_atext _btxt _2rdacontent |
||
| 337 |
_aunmediated _bn _2rdamedia |
||
| 338 |
_avolume _bnc _2rdacarrier |
||
| 502 | _aRevision of Thesis -- University of Edinburgh, School of Divinity, New College. | ||
| 504 | _aIncludes bibliographical references (p. [286]-300). | ||
| 650 | 0 |
_aChristian converts from Hinduism. _0http://id.loc.gov/authorities/subjects/sh85031722 _910625 |
|
| 650 | 0 |
_aSri Lankans _0http://id.loc.gov/authorities/subjects/sh87004041 _zEngland _zLondon. _0http://id.loc.gov/authorities/names/n79005665 _915520 |
|
| 650 | 0 |
_aPentecostal churches _0http://id.loc.gov/authorities/subjects/sh85099633 _zEngland _zLondon. _0http://id.loc.gov/authorities/names/n79005665 _915521 |
|
| 650 | 0 |
_aTamil (Indic people) _0http://id.loc.gov/authorities/subjects/sh85132209 _xReligious life _0http://id.loc.gov/authorities/subjects/sh2002006572 _zSri Lanka. _0http://id.loc.gov/authorities/names/n80061039 _915522 |
|
| 650 | 0 |
_aChristianity and other religions _xHinduism. _0http://id.loc.gov/authorities/subjects/sh85025264 _9366 |
|
| 650 | 0 |
_aHinduism _xRelations _xChristianity. _0http://id.loc.gov/authorities/subjects/sh87001176 _9365 |
|
| 942 |
_2ddc _cBK |
||